00779 2200277 4500001002100000005001500021035002500036007000300061008004100064040001700105090002100122090002100143100002700164245009400191250001000285260003600295300002500331650001900356850001200375082001400387084001600401999002100417990002100438990002100459990002100480YOGYA00000000008402220200618102536 a0010-081400000083739ta131203s2013 yoia g ind d aYOPDYOGbind aDEP 621.3 IMA t aCB-D.11 2013-1750 aI Made Yulistya Negara00aTeknik tegangan tinggi :bprinsip dan aplikasi praktis /cpenulis, I Made Yulistya Negara aEd. 13 aYogyakarta :bGraha Ilmu,c2013 a160 halaman ;c23 cm 4aTeknik Listrik aYOPDYOG04222a621.3 a621.3 IMA t aCB-D.11/2013-175 aCB-D.11/2013-175 aCB-D.11/2013-176 aCB-D.11/2013-175